000 01491nam a2200325 i 4500
003 EG-GICUC
005 20260302192801.0
008 260302s1978 ua ||||fr|||| 00| 0 ara d
040 _a EG-GICUC
_bara
_c EG-GICUC
_d EG-GICUC
_erda
041 0 _aara
082 0 4 _221
_a342.6206
_bم ص . أ
092 0 4 _221
099 _aLaw1 07 342.6206 م ص . أ 2 ed - 1978
100 0 _aمصطفى كمال وصفي
_eمؤلف.
245 1 0 _aأصول إجراءات القضاء الإداري :
_bطبقاً للقانون ٤٧ لسنة ١٩٧٢.
_nالقسم الأول،
_pمقدمة في الاجراءات . الدعوى الإدارية ( تعريفها . خصائصها . أنواعها ) شروط الدعوى الإدارية ( الاختصاص . المصلحة ) /
_cالدكتور مصطفى كمال وصفي.
250 _aالطبعة الثانية
264 3 _aالقاهرة :
_bمطبعة الأمانة،
_c1978 .
300 _a161 صفحة؛
_cسم.
_bإيضاحيات، صور، مثيليات ؛
336 _2rda content
_atext
337 _2rda media
_aComputer
338 _2rda carrier
_aOnline Resource
504 _aيشتمل على إرجاعات ببليوجرافية
546 _aالنص باللغة العربية
650 1 4 _aالقضاء الإداري
_2qrmak
650 1 4 _aالقانون الإداري
_2qrmak
651 1 _2qrmak
856 4 0 _uhttps://fll.law.cu.edu.eg/fulltext/bks/B07-03611.pdf
905 _a32
942 _2ddc
_cBK
_e21
_n0
999 _c64585
_d64585